Livro

Génesis de la noción del dinero en el niño

Na minha lista:
Detalhes bibliográficos
Autor principal: Delahanty, Guillermo
Formato: Livro
Idioma:espanhol
Publicado em: México D.F : Fondo de cultura económica, 1989
coleção:Breviarios del Fondo de cultura económica ; v. 501
Assuntos:

MARC

LEADER 00000nam#a2200000#a#4500
001 011750
005 20160721150816.0
008 960529s1989####mx##################spa#d
020 |a 9681640128 
040 |a AR-beUNQ 
099 |a 04-D20 
100 1 |a Delahanty, Guillermo 
245 0 0 |a Génesis de la noción del dinero en el niño  |c Guillermo Delahanty. 
260 |a México D.F :  |b Fondo de cultura económica,  |c 1989 
300 |a 164 p 
490 0 |a Breviarios del Fondo de cultura económica ;  |v v. 501 
650 7 |a PSICOLOGIA  |2 Spines 
650 7 |a NIÑOS  |2 Spines 
650 7 |a MONEDA  |2 Spines 
650 7 |a DESARROLLO INDIVIDUAL  |2 Spines 
653 |a PSICOLOGIA GENETICA 
929 |a COMPRA  |b FCE  |c Exp. 827-0488/95  |d 9,00  |e 19950810  |j 15415 
929 |a COMPRA  |b FCE  |c Exp. 827-0488/95  |d 9,00  |e 19950810  |j 15416 
942 |c LIB  |n 0 
999 |c 14166  |d 89553